000 00651nam a2200229 i 4500
001 C2-0328268
003 PPAK
005 20180728125633.0
008 140812s1988 le |||| ||||| | ara d
040 _aPPAK
_beng
_cPPAK
_erda
082 0 4 _a297.577
_223
090 0 0 _a297.577
_bARA
_dKMN
100 0 _aAr. Abdul Karim Zaidan,
_eauthor
245 1 0 _aHuququl afarad fil darul Islam
264 1 _aBeirut, Lebanon :
_bMuasasah Risalah ,
_c1988
300 _a1 vol. ;
_c18 cm
336 _2rdacontent
_atext
337 _2rdamedia
_aunmediated
338 _2rdacarrier
_avolume
650 1 0 _aParenting - Religious aspects - Islam.
942 _ddc
_cB
999 _c127660
_d127660